Missing Word: Weather in the Movies Quiz Stats

 Plays Quiz Updated Aug 30, 2014

Support Sporcle.
Go Orange.
Score 0/16 Timer 02:00
0 Plays Today
Movie Weather Term % Correct
Cat on a ___ Tin RoofHot
94.3%
All Quiet on the Western _____Front
92.3%
______ with a Chance of MeatballsCloudy
91%
My ____ LadyFair
90.4%
In ____ BloodCold
89.3%
____ Hand LukeCool
87.7%
April _______Showers
75.8%
_____ Day FriendsRainy
61.1%
Movie Weather Term % Correct
House of Sand and ___Fog
50.4%
The ____ and the LionWind
46.6%
Body ____Heat
44.8%
On the _____ Side Sunny
43.2%
______ WeatherStormy
41.8%
A Cool ___ PlaceDry
40.9%
Return to _____ RiverSnowy
40.6%
Godzilla Vs. the ____ Monster Smog
7.1%

Today's Daily Dose

Missing Word
1944 Movies A-Z

Word Ladder
An Angry Alt+F4

Get the Picture
Colors in 4 Languages

You're not logged in!

Compare scores with friends on all Sporcle quizzes.
OR
Log In

From the Vault

The Fiji Quiz

by mickyd

It's not the same as going there, but at least you'll be prepared if you can afford it.
Remove Ads.
Support Sporcle.
Get the best of Sporcle when you Go Orange. This ad-free experience offers more features, more stats, and more fun while also helping to support Sporcle. Thank you for becoming a member.

Show Comments

Extras

Top Quizzes Today


Score Distribution

Your Account Isn't Verified!

In order to create a playlist on Sporcle, you need to verify the email address you used during registration. Go to your Sporcle Settings to finish the process.

Report this User

Report this user for behavior that violates our Community Guidelines.

Details: